Digital communications (Record no. 956)

000 -LEADER
fixed length control field 00508nam a2200205 a 4500
001 - CONTROL NUMBER
control field 956
003 - CONTROL NUMBER IDENTIFIER
control field BD-DhUET
008 - FIXED-LENGTH DATA ELEMENTS--GENERAL INFORMATION
fixed length control field 860516s1986 inua b 001 0 eng
020 ## - INTERNATIONAL STANDARD BOOK NUMBER
International Standard Book Number 0071181830
040 ## - CATALOGING SOURCE
Original cataloging agency DLC
Transcribing agency DLC
Modifying agency BD-DhUET
082 00 - DEWEY DECIMAL CLASSIFICATION NUMBER
Classification number 623.8
Item number PRO/2001
100 ## - MAIN ENTRY--PERSONAL NAME
Personal name Proakis, John G.
245 00 - TITLE STATEMENT
Title Digital communications
250 ## - EDITION STATEMENT
Edition statement 4th ed.
260 ## - PUBLICATION, DISTRIBUTION, ETC. (IMPRINT)
Place of publication, distribution, etc. Boston
Name of publisher, distributor, etc. McGraw-Hill
Date of publication, distribution, etc. 2001
300 ## - PHYSICAL DESCRIPTION
Extent xxi,1002p..
504 ## - BIBLIOGRAPHY, ETC. NOTE
Bibliography, etc Includes bibliographies

650 #0 - SUBJECT ADDED ENTRY--TOPICAL TERM
Topical term or geographic name as entry element Digital communications.
942 ## - ADDED ENTRY ELEMENTS (KOHA)
Koha item type General Book
Holdings
Copy number Koha date last borrowed Koha issues (times borrowed) Price effective from Date acquired Source of classification or shelving scheme Koha full call number Koha normalized classification for sorting Sublocation or collection (holding branch) Location (home branch) Koha item type Withdrawn status Shelving location Piece designation (barcode) Lost status Not for loan Koha date last seen Damaged status
1  2014-08-262014-08-26 623.8/PRO/2001623_000000000000000_8PRO2001Central Library, BUETCentral Library, BUETGeneral Book Circulation section103342  2014-08-26 
2  2014-08-262014-08-26 623.8/PRO/2001623_000000000000000_8PRO2001Central Library, BUETCentral Library, BUETGeneral Book Circulation section103344  2017-07-30 
3  2014-08-262014-08-26 623.8/PRO/2001623_000000000000000_8PRO2001Central Library, BUETCentral Library, BUETGeneral Book Circulation section103345  2015-06-08 
42015-05-2012014-08-262014-08-26 623.8/PRO/2001623_000000000000000_8PRO2001Central Library, BUETCentral Library, BUETGeneral Book Circulation section103346  2015-08-18 
5  2014-08-262014-08-26 623.8/PRO/2001623_000000000000000_8PRO2001Central Library, BUETCentral Library, BUETGeneral Book Circulation section103347  2014-08-26 
62018-08-0622014-08-262014-08-26 623.8/PRO/2001623_000000000000000_8PRO2001Central Library, BUETCentral Library, BUETGeneral Book Circulation section103348  2018-08-29 
72018-08-2912014-08-262014-08-26 623.8/PRO/2001623_000000000000000_8PRO2001Central Library, BUETCentral Library, BUETGeneral Book Circulation section103349  2018-09-11 
8  2014-08-262014-08-26 623.8/PRO/2001623_000000000000000_8PRO2001Central Library, BUETCentral Library, BUETGeneral Book Circulation section103350  2015-08-16 
9  2014-08-262014-08-26 623.8/PRO/2001623_000000000000000_8PRO2001Central Library, BUETCentral Library, BUETGeneral Book Circulation section107674  2015-03-01 
102018-08-2812017-05-162007-05-07 623.8/PRO/2001623_800000000000000_PRO_2001Central Library, BUETCentral Library, BUETGeneral Book Circulation section103343  2018-09-09